<?xml version="1.0" encoding="UTF-8"?>
<record
    xmlns:xsi="http://www.w3.org/2001/XMLSchema-instance"
    xsi:schemaLocation="http://www.loc.gov/MARC21/slim http://www.loc.gov/standards/marcxml/schema/MARC21slim.xsd"
    xmlns="http://www.loc.gov/MARC21/slim">

  <leader>02452cam a2200385 a 4500</leader>
  <controlfield tag="001">16256309</controlfield>
  <controlfield tag="003">OSt</controlfield>
  <controlfield tag="005">20170105102900.0</controlfield>
  <controlfield tag="008">100528s2011    enka     b    001 0 eng  </controlfield>
  <datafield tag="010" ind1=" " ind2=" ">
    <subfield code="a">  2010022490</subfield>
  </datafield>
  <datafield tag="020" ind1=" " ind2=" ">
    <subfield code="a">9780415587976 (hardcover)</subfield>
  </datafield>
  <datafield tag="020" ind1=" " ind2=" ">
    <subfield code="a">0415587972 (hardcover)</subfield>
  </datafield>
  <datafield tag="020" ind1=" " ind2=" ">
    <subfield code="a">9780203837085 (ebook)</subfield>
  </datafield>
  <datafield tag="020" ind1=" " ind2=" ">
    <subfield code="a">0203837088 (ebook)</subfield>
  </datafield>
  <datafield tag="035" ind1=" " ind2=" ">
    <subfield code="a">(OCoLC)ocn526106653</subfield>
  </datafield>
  <datafield tag="040" ind1=" " ind2=" ">
    <subfield code="a">DLC</subfield>
    <subfield code="c">DLC</subfield>
    <subfield code="d">YDX</subfield>
    <subfield code="d">BTCTA</subfield>
    <subfield code="d">YDXCP</subfield>
    <subfield code="d">GUL</subfield>
    <subfield code="d">CDX</subfield>
    <subfield code="d">PMC</subfield>
    <subfield code="d">DLC</subfield>
  </datafield>
  <datafield tag="042" ind1=" " ind2=" ">
    <subfield code="a">pcc</subfield>
  </datafield>
  <datafield tag="050" ind1="0" ind2="0">
    <subfield code="a">JZ5578</subfield>
    <subfield code="b">.W667 2011</subfield>
  </datafield>
  <datafield tag="082" ind1="0" ind2="0">
    <subfield code="a">327.172082</subfield>
    <subfield code="2">22</subfield>
    <subfield code="b">WOM 2011</subfield>
  </datafield>
  <datafield tag="245" ind1="0" ind2="0">
    <subfield code="a">Women, peace and security :</subfield>
    <subfield code="b">translating policy into practice /</subfield>
    <subfield code="c">edited by 'Funmi Olonisakin, Karen Barnes and Eka Ikpe.</subfield>
  </datafield>
  <datafield tag="260" ind1=" " ind2=" ">
    <subfield code="a">Milton Park, Abingdon, Oxon [England] ;</subfield>
    <subfield code="a">New York :</subfield>
    <subfield code="b">Routledge,</subfield>
    <subfield code="c">2011.</subfield>
  </datafield>
  <datafield tag="300" ind1=" " ind2=" ">
    <subfield code="a">xxv, 242 p. :</subfield>
    <subfield code="b">ill. ;</subfield>
    <subfield code="c">24 cm.</subfield>
  </datafield>
  <datafield tag="490" ind1="1" ind2=" ">
    <subfield code="a">Contemporary security studies</subfield>
  </datafield>
  <datafield tag="504" ind1=" " ind2=" ">
    <subfield code="a">Includes bibliographical references and index.</subfield>
  </datafield>
  <datafield tag="505" ind1="0" ind2=" ">
    <subfield code="a">The evolution and implementation of UNSCR 1325 : an overview / Karen Barnes -- Gendered violence and UNSCR 1325 in Kosovo : shifting paradigms on women, peace and security / Catherina H. Hall-Martin -- UNSCR 1325 implementation in Liberia : dilemmas and challenges / Emma Njoki Wamai -- Nepal and the implementation of UNSCR 1325 / Lesley Abdela -- Nigeria and the implementation of UNSCR 1325 / Eka Ikpe -- Rwanda and the implementation of UNSCR 1325 / Kiri-Ann E. Richardson Olney -- Lost in translation? UNAMSIL, UNSCR 1325 and women building peace in Sierra Leone / Karen Barnes -- The impact of UNSCR 1325 and peacekeeping operations in Sudan / Gihan Eltahir-Eltom -- Women and gender issues in peacebuilding : lessons learned from Timor-Leste / Sumie Nakaya -- The African Union and implementation of UNSCR 1325 / Bineta Diop -- The gender dimensions of the ECOWAS peace and security architecture : a regional perspective on UNSCR 1325 / Awa Ceesay-Ebo -- A look at UNSCR 1325 in SADC / Nyaradzo Machingambi-Pariola -- Turning policies into action? The European Union and the implementation of UNSCR 1325 /  Karen Barnes.</subfield>
  </datafield>
  <datafield tag="650" ind1=" " ind2="0">
    <subfield code="a">Women and peace.</subfield>
  </datafield>
  <datafield tag="650" ind1=" " ind2="0">
    <subfield code="a">Women and war.</subfield>
  </datafield>
  <datafield tag="700" ind1="1" ind2=" ">
    <subfield code="a">Olonisakin, &#x2BC;Funmi.</subfield>
  </datafield>
  <datafield tag="700" ind1="1" ind2=" ">
    <subfield code="a">Barnes, Karen.</subfield>
  </datafield>
  <datafield tag="700" ind1="1" ind2=" ">
    <subfield code="a">Ikpe, Eka.</subfield>
  </datafield>
  <datafield tag="830" ind1=" " ind2="0">
    <subfield code="a">Contemporary security studies.</subfield>
  </datafield>
  <datafield tag="906" ind1=" " ind2=" ">
    <subfield code="a">7</subfield>
    <subfield code="b">cbc</subfield>
    <subfield code="c">orignew</subfield>
    <subfield code="d">1</subfield>
    <subfield code="e">ecip</subfield>
    <subfield code="f">20</subfield>
    <subfield code="g">y-gencatlg</subfield>
  </datafield>
  <datafield tag="942" ind1=" " ind2=" ">
    <subfield code="2">ddc</subfield>
    <subfield code="c">BK</subfield>
  </datafield>
  <datafield tag="999" ind1=" " ind2=" ">
    <subfield code="c">14620</subfield>
    <subfield code="d">14620</subfield>
  </datafield>
  <datafield tag="952" ind1=" " ind2=" ">
    <subfield code="0">0</subfield>
    <subfield code="1">0</subfield>
    <subfield code="4">0</subfield>
    <subfield code="7">0</subfield>
    <subfield code="8">NFIC</subfield>
    <subfield code="a">CIPS</subfield>
    <subfield code="b">CIPS</subfield>
    <subfield code="c">GEN</subfield>
    <subfield code="d">2013-09-16</subfield>
    <subfield code="l">1</subfield>
    <subfield code="o">327.172082 WOM 2011</subfield>
    <subfield code="p">CIPS0001117</subfield>
    <subfield code="r">2025-05-12</subfield>
    <subfield code="s">2025-04-24</subfield>
    <subfield code="w">2013-10-10</subfield>
    <subfield code="y">BK</subfield>
  </datafield>
</record>
